000 00662nam a22002297a 4500
003 UA-OsUOA
001 27797
007 ta
008 20040913b un ||||| |||| 00| 0 ukr d
090 _a792+82.94
_bС83
942 _cBK
040 _aUA-OsUOA
_brus
_cUA-OsUOA
_dUA-OsUOA
245 _aФ.С. Стравинский
_bСтатьи, письма, воспоминания.
_cСост. Л.М.КутателадзеРед. А.Гозенпуда
300 _a208 с.
_bІлюстрації
955 _a0
041 _arus
080 _a792+82.94
260 _aЛенинград
_bМузыка
_c1972
044 _aRU
650 7 _2UDC
999 _c314149
_d314149